La Junta para Ampliación de Estudios e Investigaciones Científicas : (Record no. 182636)

MARC details
000 -LEADER
campo de control de longitud fija 01433nam a2200289 i 4500
001 - NÚMERO DE CONTROL
campo de control 182636
003 - IDENTIFICADOR DE NÚMERO DE CONTROL
campo de control ES-MaACL
005 - FECHA Y HORA DE LA ÚLTIMA TRANSACCIÓN
campo de control 20250817205804.0
008 - DATOS DE LONGITUD FIJA--INFORMACIÓN GENERAL
campo de control de longitud fija 131007s2010 sp a | |||||||| | spa d
020 ## - NÚMERO INTERNACIONAL ESTÁNDAR DEL LIBRO
Número Internacional Estándar del Libro 978-84-9704-495-0
080 ## - NÚMERO DE LA CLASIFICACIÓN DECIMAL UNIVERSAL
Número de la Clasificación Decimal Universal 061.61(460.27 M.)(091)
100 1# - ENTRADA PRINCIPAL--NOMBRE DE PERSONA
Nombre de persona Azcuénaga Cavia, María del Carmen,
Fechas asociadas al nombre 1983-
9 (RLIN) 153567
245 13 - MENCIÓN DEL TÍTULO
Título La Junta para Ampliación de Estudios e Investigaciones Científicas :
Resto del título historia de sus centros y protagonistas (1907-1939) /
Mención de responsabilidad, etc. coordinador, Ernesto Caballero Garrido ; autor principal, Mª Carmen Azcuénaga Cavia ; colaboradores, Raquel León Larios, Daniel Carracedo Jiménez.
250 ## - MENCION DE EDICION
Mención de edición 1ª ed.
260 ## - PUBLICACIÓN, DISTRIBUCIÓN, ETC.
Lugar de publicación, distribución, etc. Somonte-Cenero, Gijón :
Nombre del editor, distribuidor, etc. Trea ;
Lugar de publicación, distribución, etc. [Madrid] :
Nombre del editor, distribuidor, etc. Asociación Nacional de Estudiantes e Investigadores Siglo XXI,
Fecha de publicación, distribución, etc. 2010.
300 ## - DESCRIPCIÓN FÍSICA
Extensión 221 p. :
Otras características físicas il. ;
Dimensiones 24 cm.
490 1# - MENCIÓN DE SERIE
Mención de serie Estudios históricos La Olmeda. Colección Piedras angulares
504 ## - NOTA DE BIBLIOGRAFÍA, ETC.
Nota de bibliografía, etc. Bibliografía: p. [215]-221.
610 24 - PUNTO DE ACCESO ADICIONAL DE MATERIA--NOMBRE DE ENTIDAD CORPORATIVA
Nombre de entidad corporativa o nombre de jurisdicción como elemento de entrada Junta para la Ampliación de Estudios e Investigaciones Científicas-
Subdivisión general Historia.
9 (RLIN) 138519
700 1# - ENTRADA AGREGADA--NOMBRE PERSONAL
Nombre de persona Caballero Garrido, Ernesto,
Fechas asociadas al nombre 1978-
9 (RLIN) 153568
700 1# - ENTRADA AGREGADA--NOMBRE PERSONAL
Nombre de persona León Larios, Raquel.
9 (RLIN) 153569
700 1# - ENTRADA AGREGADA--NOMBRE PERSONAL
Nombre de persona Carracedo Jiménez, Daniel.
9 (RLIN) 153570
830 0# - PUNTO DE ACCESO ADICIONAL DE SERIE-TÍTULO UNIFORME
Título uniforme Estudios históricos La Olmeda. Colección Piedras angulares
9 (RLIN) 193605
852 ## - LOCALIZACIÓN
Ubicación ES-MaACL
Número de control de estantería A-12877
itemnumber 189553
Sublocalización o colección R.149057
Ubicación en estantería Depósito 1
Signatura antigua Olim: N-5877
942 ## - ELEMENTOS DE ENTRADA SECUNDARIOS (KOHA)
Fuente del sistema de clasificación o colocación Clasificación decimal universal
Tipo de ítem Koha Libro impreso
Holdings
Estatus retirado Estado de pérdida Fuente del sistema de clasificación o colocación Estado de daño No para préstamo Biblioteca de origen Biblioteca actual Ubicación en estantería Fecha de adquisición Fuente de adquisición Total de préstamos Signatura topográfica completa Código de barras Visto por última vez Precio de reemplazo Tipo de ítem Koha
    Clasificación decimal universal     Biblioteca del Ateneo de Madrid Biblioteca del Ateneo de Madrid Depósito 1 07/10/2013 Donación   A-12877 1191937 23/02/2023 23/02/2023 Libro impreso